000 01011naa a22002777a 4500
001 BR7804734
003 BR-BrBNA
005 20240918174139.0
007 ta
008 230509b bl.||||| |||| 00| 0 por d
040 _aBR-BrBNA
_bpor
_cBiblioteca Nacional de Agricultura
041 _a(Pt)
072 _aN10
_b4430
_bG514
090 _aN10 BR7804734
100 1 _aCampos, D.L.M.
111 1 _aEncontro sobre Pecuaria Leiteira
_cSao Carlos, SP (Brazil)
_d23 Apr 1978
245 1 _aMini estabulo. Novo conceito em instalacao leiteira [Instalacao agricola; Brasil]
260 3 _aSao Carlos, SP (Brasil):
_c1978.
500 _aAnais do Encontro sobre Pecuaria Leiteira Sao Carlos, SP (Brasil): 1978. p. 132-136 (BR7804734-AM)N10
650 _aEngenharia agricola
650 _aEstabulo
650 _aInstalacao agricola
773 0 _tAnais do Encontro sobre Pecuaria Leiteira
_wN10 BR7804734
_gSao Carlos, SP (Brasil), 1978. p. 132-136
909 _a202404
_bLucia
_c55
_dLucia Elande
942 _cAM
_2AGRIS
999 _c309199
_d309199